[Event "SWVG Arnold Classic Prestige All 2019"]
[Site "Sandton"]
[Date "2019.05.19"]
[Round "9.9"]
[White "Simpson, Michael M"]
[Black "Bhawoodien, Shabir Hussain"]
[Result "0-1"]
[WhiteElo "1995"]
[BlackElo "2020"]
[Annotator "NA RC"]
[PlyCount "46"]
[EventDate "2019.05.18"]
[EventType "swiss"]
[EventCountry "RSA"]
[SourceTitle "playchess.com"]
[Source "ChessBase"]
[SourceQuality "1"]
[TimeControl "1500+10"]

1. e4 {[%emt 0:00:00]} e5 {[%emt 0:00:00]} 2. Nf3 {[%emt 0:00:00]} Nc6 {[%emt 0:00:00]} 3. d4 {[%emt 0:00:00]} exd4 {[%emt 0:00:00]} 4. Bc4 {[%emt 0:00:00]} Nf6 {[%emt 0:00:31]} 5. e5 {[%emt 0:00:01]} d5 {[%emt 0:00:02]} 6. Bb5 {[%emt 0:00:02]} Ne4 {[%emt 0:00:04]} 7. Nxd4 {[%emt 0:00:02]} Bd7 {[%emt 0:00:02]} 8. Bxc6 {[%emt 0:00:02]} bxc6 {[%emt 0:00:01]} 9. O-O {[%emt 0:00:03]} Bc5 {[%emt 0:00:01]} 10. Be3 {[%emt 0:00:02]} Qe7 {[%emt 0:00:48]} 11. f3 {[%emt 0:00:03]} Nd6 {[%emt 0:00:42]} 12. Re1 {[%emt 0:03:50]} Nf5 {[%emt 0:00:32]} 13. Bf2 {[%emt 0:02:00]} Bxd4 {[%emt 0:02:48]} ({Better is} 13... Nxd4 $15 14. Bxd4 Rb8) 14. Bxd4 $11 {[%emt 0:00:03]} O-O {[%emt 0:00:45]} 15. Nc3 {[%emt 0:00:18]} Qg5 {[%emt 0:02:07]} 16. Bc5 {[%emt 0:01:05]} Rfe8 {[%emt 0:00:26]} 17. Ne4 {[%emt 0:00:35]} dxe4 {[%emt 0:02:31]} 18. fxe4 {[%emt 0:01:15]} Nh4 {[%emt 0:00:16]} 19. g3 {[%emt 0:03:10]} Rad8 {[%emt 0:01:43]} 20. Be3 {[%emt 0:00:44]} Qg6 {[%emt 0:01:37]} 21. Qc1 {[%emt 0:01:51]} Nf3+ {[%emt 0:00:04]} 22. Kf2 {[%emt 0:00:02]} Nxe1 {[%emt 0:00:08]} 23. Qxe1 {[%emt 0:00:03]} Qxe4 {[%emt 0:13:42]} 0-1

[Event "SWVG Arnold Classic Prestige All 2019"]
[Site "Sandton"]
[Date "2019.05.19"]
[Round "9.10"]
[White "Van Der Walt, Pierre E."]
[Black "Bucceri, Draven"]
[Result "1-0"]
[WhiteElo "1993"]
[BlackElo "1633"]
[Annotator "NA RC"]
[PlyCount "55"]
[EventDate "2019.05.18"]
[EventType "swiss"]
[EventCountry "RSA"]
[SourceTitle "playchess.com"]
[Source "ChessBase"]
[SourceQuality "1"]
[TimeControl "1500+10"]

1. e4 {[%emt 0:00:00]} e6 {[%emt 0:00:00]} 2. d4 {[%emt 0:00:00]} d5 {[%emt 0:00:00]} 3. Nc3 {[%emt 0:00:02]} Nf6 {[%emt 0:00:00]} 4. Bg5 {[%emt 0:00:02]} Bb4 {[%emt 0:00:00]} 5. e5 {[%emt 0:00:11]} h6 {[%emt 0:00:00]} 6. exf6 {[%emt 0:00:03]} hxg5 {[%emt 0:00:02]} 7. fxg7 {[%emt 0:00:02]} Rg8 {[%emt 0:00:12]} 8. Qh5 {[%emt 0:00:50]} Qf6 {[%emt 0:00:09]} 9. Nf3 {[%emt 0:01:59]} g4 {[%emt 0:01:06]} 10. Qxg4 {[%emt 0:00:37]} Rxg7 {[%emt 0:00:03]} 11. Qh4 {[%emt 0:02:25]} Qxh4 {[%emt 0:25:18]} 12. Nxh4 {[%emt 0:20:49]} Nc6 {[%emt 0:00:00]} 13. O-O-O {[%emt 0:00:00]} Bd7 {[%emt 0:00:00]} 14. Nf3 {[%emt 0:00:00]} O-O-O $16 {[%emt 0:00:00]} 15. g3 {[%emt 0:00:00]} Bxc3 {[%emt 0:00:00]} 16. bxc3 {[%emt 0:00:00]} f6 {[%emt 0:00:00]} 17. Bb5 {[%emt 0:00:00]} Be8 {[%emt 0:00:00]} 18. Rde1 {[%emt 0:00:00]} Bf7 {[%emt 0:00:00]} 19. Bxc6 {[%emt 0:00:00]} bxc6 {[%emt 0:00:00]} 20. Nh4 {[%emt 0:00:00]} Bg8 {[%emt 0:00:00]} 21. f4 {[%emt 0:00:00]} Kd7 {[%emt 0:00:00]} 22. f5 {[%emt 0:00:00]} Re8 {[%emt 0:00:00]} 23. Re2 {[%emt 0:00:00]} e5 {[%emt 0:00:00]} 24. dxe5 {[%emt 0:00:00]} Rxe5 {[%emt 0:00:00]} 25. Rhe1 {[%emt 0:00:00]} Kd6 {[%emt 0:00:00]} 26. Kd2 {[%emt 0:00:00]} Bh7 {[%emt 0:00:00]} 27. a3 {[%emt 0:00:00]} Bxf5 {[%emt 0:00:00]} 28. Rxe5 {[%emt 0:00:00]} 1-0

[Event "SWVG Arnold Classic Prestige All 2019"]
[Site "Sandton"]
[Date "2019.05.19"]
[Round "9.11"]
[White "Swartz, David"]
[Black "Steyn, Hans"]
[Result "0-1"]
[WhiteElo "1756"]
[BlackElo "1863"]
[Annotator "NA RC"]
[PlyCount "66"]
[EventDate "2019.05.18"]
[EventType "swiss"]
[EventCountry "RSA"]
[SourceTitle "playchess.com"]
[Source "ChessBase"]
[SourceQuality "1"]
[TimeControl "1500+10"]

1. f4 {[%emt 0:00:00]} Nf6 {[%emt 0:00:31]} 2. Nf3 {[%emt 0:00:01]} e6 {[%emt 0:00:48]} 3. b3 {[%emt 0:00:08]} c5 {[%emt 0:00:34]} 4. Bb2 {[%emt 0:00:33]} Be7 {[%emt 0:00:16]} 5. g3 {[%emt 0:00:06]} b6 {[%emt 0:00:24]} 6. Bg2 {[%emt 0:00:01]} Bb7 {[%emt 0:00:05]} 7. O-O {[%emt 0:00:10]} O-O {[%emt 0:00:10]} 8. d3 {[%emt 0:00:24]} Qc7 {[%emt 0:00:05]} 9. e4 {[%emt 0:00:09]} d6 {[%emt 0:00:05]} 10. Nbd2 {[%emt 0:00:06]} Nbd7 {[%emt 0:00:03]} 11. a4 {[%emt 0:00:02]} a6 {[%emt 0:00:30]} 12. c4 {[%emt 0:00:28]} Bc6 {[%emt 0:01:05]} 13. Qe2 {[%emt 0:00:10]} e5 {[%emt 0:02:13]} 14. fxe5 {[%emt 0:00:25]} dxe5 {[%emt 0:00:14]} 15. Nh4 {[%emt 0:00:07]} g6 {[%emt 0:00:17]} 16. Rf2 {[%emt 0:00:39]} Nh5 {[%emt 0:00:40]} 17. Raf1 {[%emt 0:00:17]} Bxh4 {[%emt 0:00:04]} 18. gxh4 {[%emt 0:00:01]} Nf4 {[%emt 0:00:12]} 19. Qe3 {[%emt 0:01:16]} Ne6 {[%emt 0:00:04]} 20. Nf3 {[%emt 0:00:34]} Nd4 {[%emt 0:00:02]} 21. Qh6 {[%emt 0:00:02]} Nxf3+ {[%emt 0:00:36]} 22. Rxf3 {[%emt 0:00:11]} f6 {[%emt 0:00:42]} 23. Bh3 {[%emt 0:00:34]} Qd6 {[%emt 0:00:10]} 24. Rg3 {[%emt 0:02:35]} Rf7 {[%emt 0:00:13]} 25. h5 {[%emt 0:02:11]} Nf8 {[%emt 0:19:07]} 26. Bf5 {[%emt 0:18:10]} Rg7 {[%emt 0:00:10]} 27. h4 {[%emt 0:00:10]} Raa7 {[%emt 0:00:10]} 28. Bg4 {[%emt 0:00:10]} Raf7 {[%emt 0:00:00]} 29. Kh2 {[%emt 0:00:00]} Bd7 {[%emt 0:00:00]} 30. Rfg1 {[%emt 0:00:00]} Bxg4 {[%emt 0:00:00]} 31. Rxg4 {[%emt 0:00:00]} Qxd3 {[%emt 0:00:00]} 32. R1g3 {[%emt 0:00:00]} Qd7 {[%emt 0:00:00]} 33. Rf3 {[%emt 0:00:00]} Qxg4 {[%emt 0:01:00]} 0-1

[Event "SWVG Arnold Classic Prestige All 2019"]
[Site "Sandton"]
[Date "2019.05.19"]
[Round "9.12"]
[White "Klevansky, Aron"]
[Black "Molepo, Maropeng Quintallio"]
[Result "0-1"]
[WhiteElo "1878"]
[BlackElo "1723"]
[Annotator "NA RC"]
[PlyCount "40"]
[EventDate "2019.05.18"]
[EventType "swiss"]
[EventCountry "RSA"]
[SourceTitle "playchess.com"]
[Source "ChessBase"]
[SourceQuality "1"]
[TimeControl "1500+10"]

1. e4 {[%emt 0:25:10]} e5 {[%emt 0:25:10]} 2. Nf3 {[%emt 0:00:10]} Nc6 {[%emt 0:00:10]} 3. Bb5 {[%emt 0:00:10]} a6 {[%emt 0:00:10]} 4. Ba4 {[%emt 0:00:10]} Nf6 {[%emt 0:00:10]} 5. Qe2 {[%emt 0:00:10]} b5 {[%emt 0:00:10]} 6. Bb3 {[%emt 0:00:10]} Be7 {[%emt 0:00:10]} 7. a4 {[%emt 0:00:10]} b4 {[%emt 0:00:10]} 8. d4 {[%emt 0:00:10]} d5 {[%emt 0:00:10]} 9. exd5 {[%emt 0:00:10]} Nxd4 {[%emt 0:00:10]} 10. Nxd4 {[%emt 0:00:10]} exd4 {[%emt 0:00:10]} 11. Qc4 {[%emt 0:00:10]} Bb7 {[%emt 0:00:10]} 12. d6 {[%emt 0:00:10]} Qxd6 {[%emt 0:00:10]} 13. Qxf7+ {[%emt 0:00:10]} Kd7 {[%emt 0:00:10]} 14. Nd2 {[%emt 0:00:10]} Qe5+ {[%emt 0:00:10]} 15. Kf1 {[%emt 0:00:10]} Raf8 {[%emt 0:00:10]} 16. f4 {[%emt 0:00:10]} Bxg2+ {[%emt 0:00:10]} 17. Kxg2 {[%emt 0:00:10]} Qe2+ {[%emt 0:00:10]} 18. Kg3 {[%emt 0:00:10]} Rxf7 {[%emt 0:00:10]} 19. Bxf7 {[%emt 0:00:10]} Rf8 {[%emt 0:00:10]} 20. Bc4 {[%emt 0:00:10]} Nh5+ {[%emt 0:00:10]} 0-1

[Event "SWVG Arnold Classic Prestige All 2019"]
[Site "Sandton"]
[Date "2019.05.19"]
[Round "10.1"]
[White "Mnguni, Jacob Dumisani"]
[Black "Grover, Sahaj"]
[Result "0-1"]
[WhiteElo "2141"]
[BlackElo "2515"]
[Annotator "TA"]
[PlyCount "92"]
[EventDate "2019.05.18"]
[EventType "swiss"]
[EventCountry "RSA"]
[SourceTitle "playchess.com"]
[Source "ChessBase"]
[SourceQuality "1"]

{[%evp 20,92,0,0,0,-62,-26,-50,-54,-60,-71,-65,-77,-72,-73,-114,-106,-108,-96,-100,-69,-76,-14,-21,0,0,0,0,0,0,0,0,0,0,0,0,78,81,90,7,18,0,33,61,60,0,137,8,45,-67,-73,-73,-72,-60,-66,-159,-94,-93,-88,-109,-77,-120,-110,-125,-39,-40,-6,-56,0,-15,-15,-15,0,-504,-491]} 1. c4 e6 2. Nf3 d5 3. g3 dxc4 4. Qa4+ Nd7 5. Qxc4 a6 6. a4 b5 7. Qc2 Bb7 8. Bg2 Ngf6 9. O-O c5 10. d3 Be7 11. Nc3 Qb6 {A13: English Opening: 1...e6} 12. a5 $146 (12. Qb3 $11) ({Predecessor:} 12. axb5 axb5 13. Rxa8+ Bxa8 14. Qb3 b4 15. Nd1 Bd5 16. Qc2 O-O 17. Ne3 Re8 18. b3 h6 19. Bb2 {½-½ (79) Howell,D (2676)-Melkumyan,H (2633) Riadh 2017}) 12... Qc7 13. Bd2 O-O {Black is slightly better.} 14. e4 Rac8 15. Rfc1 Qb8 16. Bf4 Qa8 17. Ne5 Nxe5 18. Bxe5 Rfd8 19. Qe2 c4 20. d4 Qa7 ({Black should play} 20... Nd7 $1 $17 21. Bf4 Nf6) 21. Rd1 $11 Ne8 22. d5 exd5 $1 23. exd5 Bf6 24. Bh3 Ra8 25. Bf4 Bxc3 26. Be3 Qb8 {And now ...Bb4 would win.} 27. Bf4 $36 {[%mdl 2048] White has some pressure.} Nd6 (27... Qa7 $1 $11 28. Be3 Qb8) 28. bxc3 $16 Re8 29. Qf3 (29. Qd2 $1 $16) 29... Qd8 $11 30. Be3 Ne4 31. d6 $1 {[%cal Rd6d7] Hoping for d7.} Nc5 32. Qf4 (32. Qf5 $14 Nd3 33. d7) 32... Nd3 {[#]} (32... Re4 $1 $11 {keeps the balance.} 33. Qg5 Nd3 34. Qxd8+ Rxd8) 33. Qd4 ({White should try} 33. Rxd3 $1 $16 Re4 34. Qxe4 Bxe4 35. Rd4) 33... Bc6 {White should prevent ...Re4.} (33... Ne5 $5 {[%cal Re5f3]} 34. Qb6 Qxb6 35. Bxb6 (35. axb6 Nf3+ 36. Kh1 Nh4+ 37. Kg1 Nf3+ 38. Kh1 Nh4+ 39. Kg1 Nf3+ $11) 35... Nf3+ 36. Kh1 Ne5+ 37. f3 Bxf3+ 38. Kg1 Bxd1 39. Rxd1 h6 $14) 34. Bf5 (34. Rxd3 $14 cxd3 35. d7) 34... Ne5 $15 {...Nf3+ is the strong threat.} 35. Be4 Bxe4 36. Qxe4 Nd3 37. Qd4 {[#]} (37. Qd5 $1 $15) 37... Qd7 (37... Re6 $142 $1 38. Bf4 g5) 38. Rxd3 $17 cxd3 39. Qxd3 Rac8 40. Bb6 h5 41. Rd1 Rc4 (41... Rc6 $17 {Threatens to win with ...Rxd6!} 42. h4 Re6) 42. h4 $15 Rce4 43. Qf3 Re1+ (43... R4e6 $15 44. Qd3 Re4) 44. Kg2 Rxd1 45. Qxd1 Rc8 46. Qf3 $2 {[%mdl 8192]} (46. Bc7 $1 $11 {and White has nothing to worry.}) 46... Qxd6 {Accuracy: White = 47%, Black = 35%.} 0-1

[Event "SWVG Arnold Classic Prestige All 2019"]
[Site "Sandton"]
[Date "2019.05.19"]
[Round "10.2"]
[White "Khumalo, Keith"]
[Black "Mabusela, Johannes Manyedi"]
[Result "0-1"]
[WhiteElo "2086"]
[BlackElo "2220"]
[Annotator "TA"]
[PlyCount "62"]
[EventDate "2019.05.18"]
[EventType "swiss"]
[EventCountry "RSA"]
[SourceTitle "playchess.com"]
[Source "ChessBase"]
[SourceQuality "1"]

{[%evp 13,62,6,15,10,15,18,31,19,29,33,27,8,25,10,48,35,45,46,59,32,71,49,56,42,56,0,2,0,0,0,37,19,38,21,25,0,62,47,29,16,177,-283,-28,-22,0,-656,-474,-530,-523,-731,-707]} 1. d4 Nf6 2. c4 e6 3. Nf3 d5 4. g3 Bb4+ 5. Bd2 Bd6 6. Bg2 O-O 7. Qc2 c6 8. Bg5 {D30: Queen's Gambit Declined: Systems without Nc3} Nbd7 9. Nbd2 {[%cal Bb1d2,Bd2e4,Be4c5][%mdl 32]} Re8 (9... h6 10. Bxf6 Nxf6 11. O-O b6 12. e4 Be7 13. e5 Nd7 14. cxd5 cxd5 15. Rfc1 Nb8 16. Bf1 Bd7 17. a3 {½-½ (17) Predojevic,B (2614)-Lupulescu,C (2630) Ruma 2017}) 10. O-O {White is slightly better.} h6 11. Bxf6 Nxf6 12. e4 dxe4 13. Nxe4 Be7 14. Rfd1 Bd7 15. Ne5 Qc7 $146 ({Predecessor:} 15... Nxe4 16. Bxe4 {½-½ (25) Abdul Rahim,M (1547)-Abdul Rashid,H (1374) Shah Alam 2016}) 16. b4 Rad8 17. Nc5 Bc8 18. a3 b6 19. Nxc6 ({Better is} 19. Ncd3 $14) 19... bxc5 $11 20. Nxd8 Rxd8 21. dxc5 Re8 22. c6 e5 23. c5 e4 24. b5 {[%cal Bb4b5,Bb5b6][%mdl 32]} Qe5 (24... e3 $11 25. fxe3 Qe5) 25. b6 $1 $14 Bxc5 26. b7 $36 {[%mdl 2048] And now Rab1 would win. White has some pressure.} Bg4 $2 {[#]} (26... e3 $1 $11 27. b8=Q (27. bxc8=R exf2+ 28. Kh1 Rxc8 $11) 27... exf2+ 28. Kh1 Qxb8 29. Qxc5 Qb2) 27. c7 $4 {[%mdl 8192]} (27. Rdc1 $18 {and all is fine.} Bd4 28. c7 Bxa1 29. c8=Q Bxc8 30. bxc8=R (30. bxc8=Q Rxc8 31. Qxc8+ Kh7 $18)) 27... Qxc7 $2 ({Black should play} 27... Bxd1 $19 28. Rxd1 Qxc7) 28. Rdc1 $11 Nd7 29. Bf1 $2 {[%mdl 8192]} (29. Bxe4 $11 Qb8 30. Rab1) 29... Qxb7 {[#] Hoping for ...e3.Black is clearly winning.} 30. Rab1 Bb6 31. Bb5 e3 {Accuracy: White = 34%, Black = 26%.} 0-1

[Event "SWVG Arnold Classic Prestige All 2019"]
[Site "Sandton"]
[Date "2019.05.19"]
[Round "10.3"]
[White "Erlank, Warrick"]
[Black "Makoto, Rodwell"]
[Result "*"]
[WhiteElo "1967"]
[BlackElo "2369"]
[Annotator "NA RC"]
[PlyCount "43"]
[EventDate "2019.05.18"]
[EventType "swiss"]
[EventCountry "RSA"]
[SourceTitle "playchess.com"]
[Source "ChessBase"]
[SourceQuality "1"]
[TimeControl "1500+10"]

1. e4 {[%emt 0:00:00]} e5 {[%emt 0:00:00]} 2. Nf3 {[%emt 0:00:00]} Nc6 {[%emt 0:00:00]} 3. d4 {[%emt 0:00:01]} exd4 {[%emt 0:00:00]} 4. Bc4 {[%emt 0:00:06]} Bc5 {[%emt 0:00:00]} 5. c3 {[%emt 0:00:26]} Nf6 {[%emt 0:00:00]} 6. e5 {[%emt 0:01:10]} d5 {[%emt 0:00:00]} 7. Bb5 {[%emt 0:01:21]} Ne4 {[%emt 0:00:00]} 8. cxd4 {[%emt 0:03:43]} Bb6 {[%emt 0:00:00]} 9. h3 {[%emt 0:00:43]} O-O {[%emt 0:00:00]} 10. O-O {[%emt 0:00:10]} f6 {[%emt 0:00:37]} 11. Nc3 {[%emt 0:00:26]} f5 {[%emt 0:01:04]} 12. Ba4 {[%emt 0:02:46]} Ne7 {[%emt 0:00:19]} 13. Bb3 {[%emt 0:01:13]} Kh8 {[%emt 0:01:16]} 14. Ng5 $11 {[%emt 0:01:31]} c6 {[%emt 0:03:55]} 15. Ncxe4 {[%emt 0:02:44]} fxe4 {[%emt 0:00:01]} 16. Qh5 {[%emt 0:00:29]} Bf5 {[%emt 0:00:02]} 17. Nf7+ {[%emt 0:00:13]} Rxf7 {[%emt 0:00:01]} 18. Qxf7 {[%emt 0:00:01]} Bg6 {[%emt 0:00:01]} 19. Qe6 {[%emt 0:01:22]} Nf5 {[%emt 0:00:14]} 20. Be3 {[%emt 0:00:33]} Qc7 {[%emt 0:20:50]} 21. g4 {[%emt 0:09:32]} Re8 {[%emt 0:00:10]} 22. gxf5 {[%emt 0:00:10]} *

[Event "SWVG Arnold Classic Prestige All 2019"]
[Site "Sandton"]
[Date "2019.05.19"]
[Round "10.4"]
[White "Masiya, Mfundo"]
[Black "Cawdery, Daniel"]
[Result "0-1"]
[WhiteElo "1977"]
[BlackElo "2428"]
[Annotator "TA"]
[PlyCount "20"]
[EventDate "2019.05.18"]
[EventType "swiss"]
[EventCountry "RSA"]
[SourceTitle "playchess.com"]
[Source "ChessBase"]
[SourceQuality "1"]

{[%evp 9,20,22,29,0,0,-9,-2,-24,20,0,0,-284,-280]} 1. e4 c5 2. Nf3 d6 3. Nc3 Nf6 4. d4 cxd4 5. Qxd4 a6 6. Bc4 {B53: Sicilian: 2...d6: Lines with Qxd4} (6. e5 Nc6 7. Qa4 dxe5 8. Nxe5 Bd7 9. Nxd7 Qxd7 10. Bd2 g6 11. O-O-O Bg7 12. Bg5 Qg4 13. Bxf6 Qxa4 14. Nxa4 Bxf6 {½-½ (49) Kramnik,V (2808)-Nakamura,H (2785) Stavanger 2017}) 6... Nc6 7. Qd1 Bg4 8. O-O g6 9. Qd3 Bg7 10. Nd4 $146 {[%mdl 8192] [#]} (10. Bb3 $11 {and White is okay.}) ({Predecessor:} 10. Ng5 Ne5 11. Qd4 h6 12. f3 hxg5 13. fxg4 Nfxg4 14. Qd5 Qb6+ {0-1 (14) Majdoub,J-Aroua,A Monastir 2014}) 10... Ne5 0-1

[Event "SWVG Arnold Classic Prestige All 2019"]
[Site "Sandton"]
[Date "2019.05.19"]
[Round "10.5"]
[White "Simutowe, Musatwe"]
[Black "Zwakala, Ntando"]
[Result "1/2-1/2"]
[WhiteElo "2170"]
[BlackElo "2088"]
[Annotator "TA"]
[PlyCount "56"]
[EventDate "2019.05.18"]
[EventType "swiss"]
[EventCountry "RSA"]
[SourceTitle "playchess.com"]
[Source "ChessBase"]
[SourceQuality "1"]

{[%evp 23,56,-18,-18,-16,-1,-25,-19,-28,-27,-49,-44,-81,-38,-35,-41,-40,-3,-58,-20,-28,-19,-110,-27,-77,-61,-74,-73,-57,0,0,0,-66,0,0,0]} 1. d4 Nf6 2. Nf3 e6 3. c4 b6 4. g3 Ba6 5. b3 Bb4+ 6. Bd2 Be7 7. Bg2 Bb7 8. O-O O-O 9. Nc3 d5 10. Ne5 Nbd7 11. Qc2 c5 12. Nxd7 Qxd7 13. cxd5 {E15: Queen's Indian: 4 g3 sidelines, 4 g3 Ba6 and 4 g3 Bb7 early deviations} exd5 $146 ({Predecessor:} 13... Nxd5 14. dxc5 Nb4 15. Qb2 Bxg2 16. Kxg2 Bxc5 17. a3 Nd5 18. Nxd5 Qxd5+ 19. Kg1 Bd4 20. Bc3 Bxc3 21. Qxc3 {½-½ (31) Schmidt,W-Guenthner,O (2325) Untergrombach 1990}) 14. e3 Rac8 15. dxc5 bxc5 16. Rfd1 d4 17. Na4 $1 Bxg2 18. Kxg2 Qd5+ 19. f3 Rfd8 20. Ba5 (20. e4 $11 Qh5 21. Nb2) 20... Re8 (20... Ng4 $5 {[%cal Rg4e3]} 21. Bd2 Ne5 $17) 21. e4 Qh5 22. Qc4 {[#]} (22. Bd2 $11) 22... Qg6 (22... Nd7 $1 $17 23. Rf1 Ne5) 23. Nb2 {[#]} Nxe4 $1 {[%mdl 512]} 24. fxe4 Qxe4+ 25. Kg1 Qe3+ {[%mdl 1024] Black has compensation.} 26. Kg2 $1 {Strongly threatening Rf1.} Qe4+ 27. Kg1 {And now Re1 would win.} Qe3+ ({Black should play} 27... Bg5 $1 $15 28. Nd3 Qf3) 28. Kg2 $1 $11 {Black must now prevent Rf1.} Qe4+ {Accuracy: White = 43%, Black = 33%.} 1/2-1/2

[Event "SWVG Arnold Classic Prestige All 2019"]
[Site "Sandton"]
[Date "2019.05.19"]
[Round "10.6"]
[White "Oatlhotse, Providence"]
[Black "Van Der Walt, Pierre E."]
[Result "*"]
[WhiteElo "2289"]
[BlackElo "1993"]
[Annotator "NA RC"]
[PlyCount "143"]
[EventDate "2019.05.18"]
[EventType "swiss"]
[EventCountry "RSA"]
[SourceTitle "playchess.com"]
[Source "ChessBase"]
[SourceQuality "1"]
[TimeControl "1500+10"]

1. e4 {[%emt 0:00:45]} c6 {[%emt 0:00:00]} 2. d4 {[%emt 0:00:02]} d5 {[%emt 0:00:00]} 3. exd5 {[%emt 0:00:01]} cxd5 {[%emt 0:00:00]} 4. c4 {[%emt 0:00:01]} Nf6 {[%emt 0:25:40]} 5. Nc3 {[%emt 0:25:01]} g6 {[%emt 0:00:00]} 6. cxd5 {[%emt 0:00:00]} Bg7 {[%emt 0:00:00]} 7. Qb3 {[%emt 0:00:00]} O-O {[%emt 0:00:00]} 8. Be2 {[%emt 0:00:00]} Nbd7 {[%emt 0:00:00]} 9. Bf3 {[%emt 0:00:00]} Nb6 {[%emt 0:00:00]} 10. Nge2 {[%emt 0:00:00]} Bf5 {[%emt 0:00:00]} 11. O-O {[%emt 0:00:00]} Bd3 {[%emt 0:00:00]} 12. d6 {[%emt 0:00:00]} Qxd6 {[%emt 0:00:00]} 13. Bxb7 {[%emt 0:00:00]} Rad8 {[%emt 0:00:00]} 14. Bf4 {[%emt 0:00:00]} Qd7 {[%emt 0:00:00]} 15. Bf3 {[%emt 0:00:00]} Qf5 {[%emt 0:00:00]} 16. Be5 {[%emt 0:00:00]} Nc4 {[%emt 0:00:00]} 17. Ng3 {[%emt 0:00:00]} Qg5 {[%emt 0:00:00]} 18. Bxf6 {[%emt 0:00:00]} Qxf6 {[%emt 0:00:00]} 19. Nd5 {[%emt 0:00:00]} Rxd5 {[%emt 0:00:00]} 20. Bxd5 {[%emt 0:00:00]} Bxf1 {[%emt 0:00:00]} 21. Nxf1 {[%emt 0:00:00]} Nb6 {[%emt 0:00:00]} 22. Rd1 {[%emt 0:00:00]} Rd8 {[%emt 0:00:00]} 23. Bc4 {[%emt 0:00:00]} e6 {[%emt 0:00:00]} 24. Ne3 {[%emt 0:00:00]} Rxd4 {[%emt 0:00:00]} 25. Bf1 {[%emt 0:00:00]} Rxd1 {[%emt 0:00:00]} 26. Nxd1 {[%emt 0:00:00]} Qd4 {[%emt 0:00:00]} 27. Nc3 {[%emt 0:00:00]} Qd2 {[%emt 0:00:00]} 28. Nd1 {[%emt 0:00:00]} Nd5 {[%emt 0:00:00]} 29. Qd3 {[%emt 0:00:00]} Qc1 {[%emt 0:00:00]} 30. b3 {[%emt 0:00:00]} Bf8 {[%emt 0:00:00]} 31. g3 {[%emt 0:00:00]} a5 {[%emt 0:00:00]} 32. h4 {[%emt 0:00:00]} Nb4 {[%emt 0:00:03]} 33. Qe2 {[%emt 0:00:00]} Qa1 {[%emt 0:00:03]} 34. a4 {[%emt 0:00:00]} Qb1 {[%emt 0:00:06]} 35. Qf3 {[%emt 0:00:00]} e5 {[%emt 0:00:34]} 36. Bc4 {[%emt 0:00:00]} Qf5 {[%emt 0:00:47]} 37. Qxf5 {[%emt 0:00:00]} gxf5 {[%emt 0:00:00]} 38. Ne3 {[%emt 0:00:00]} f4 {[%emt 0:00:11]} 39. gxf4 {[%emt 0:00:00]} exf4 {[%emt 0:00:00]} 40. Nf5 {[%emt 0:00:00]} Nc6 {[%emt 0:00:18]} 41. Kg2 {[%emt 0:00:00]} Ne5 {[%emt 0:00:13]} 42. f3 {[%emt 0:00:00]} Nxc4 {[%emt 0:01:29]} 43. bxc4 {[%emt 0:00:00]} f6 {[%emt 0:00:01]} 44. Kf1 {[%emt 0:00:00]} Kf7 {[%emt 0:00:04]} 45. Nd4 {[%emt 0:00:00]} Bc5 {[%emt 0:00:20]} 46. Nb3 {[%emt 0:00:00]} Bb6 {[%emt 0:00:51]} 47. Ke2 {[%emt 0:00:00]} Kg6 {[%emt 0:00:06]} 48. c5 {[%emt 0:00:00]} Bc7 {[%emt 0:00:45]} 49. Kd3 {[%emt 0:00:00]} Kh5 {[%emt 0:00:01]} 50. Ke4 {[%emt 0:00:00]} Kxh4 {[%emt 0:00:04]} 51. Nd4 {[%emt 0:00:02]} Be5 {[%emt 0:00:34]} 52. Ne6 {[%emt 0:00:47]} Kg3 {[%emt 0:00:05]} 53. Ng7 {[%emt 0:02:56]} Kf2 {[%emt 0:00:49]} 54. c6 {[%emt 0:00:10]} h6 {[%emt 0:00:15]} 55. Nh5 {[%emt 0:00:24]} Bc7 {[%emt 0:00:37]} 56. Nxf6 {[%emt 0:00:05]} Bd8 {[%emt 0:00:10]} 57. Nh5 {[%emt 0:00:05]} Ke2 {[%emt 0:00:10]} 58. Nxf4+ {[%emt 0:00:09]} Kd2 {[%emt 0:00:01]} 59. Ne6 {[%emt 0:01:01]} Bb6 {[%emt 0:00:02]} 60. c7 {[%emt 0:00:03]} Bxc7 {[%emt 0:00:01]} 61. Nxc7 {[%emt 0:00:01]} h5 {[%emt 0:00:02]} 62. Kf4 {[%emt 0:01:05]} h4 {[%emt 0:00:02]} 63. Kg4 {[%emt 0:00:05]} Ke3 {[%emt 0:00:05]} 64. Nd5+ {[%emt 0:00:11]} Kd4 {[%emt 0:00:01]} 65. Kxh4 {[%emt 0:00:02]} Kxd5 {[%emt 0:00:04]} 66. Kg5 {[%emt 0:00:02]} Ke6 {[%emt 0:00:01]} 67. Kg6 {[%emt 0:00:01]} Ke5 {[%emt 0:00:01]} 68. Kg5 {[%emt 0:00:02]} Ke6 {[%emt 0:00:02]} 69. f4 {[%emt 0:00:00]} Ke7 {[%emt 0:00:02]} 70. Kg6 {[%emt 0:00:02]} Ke6 {[%emt 0:00:02]} 71. f5+ {[%emt 0:00:01]} Ke7 {[%emt 0:00:01]} 72. Kg7 {[%emt 0:00:01]} *